banner koha

Influencia da peroxidase endogena e da idade das colonias na identificacao de Mycoplasma mycoides pelo teste de imunoperoxidase em laminula (Registro n. 167850)

MARC details
000 -LÍDER
campo de controle de tamanho fixo 00947nas a2200289 4500
001 - NÚMERO DE CONTROLE
campo de controle BR0104917
003 - IDENTIFICADOR DO NÚMERO DE CONTROLE
campo de controle BR-BrBNA
005 - DATA E HORÁRIO DA ÚLTIMA TRANSAÇÃO
campo de controle 20231205102508.0
007 - CAMPO FIXO DE DESCRIÇÃO FÍSICA--INFORMAÇÃO GERAL
campo de controle de tamanho fixo ta
008 - CAMPO DE DADOS FIXOS--INFORMAÇÃO GERAL
campo de controle de tamanho fixo 230509b bl.|||p| |||| 00| 00por d
040 ## - FONTE DA CATALOGAÇÃO
Instituição da catalogação original BR-BrBNA
Idioma da catalogação por
Instituição que transcreveu o registro Biblioteca Nacional de Agricultura
041 ## - CÓDIGO DE IDIOMA
Código do idioma do texto/trilha sonora ou título diferente (Pt)
072 ## - CÓDIGO DE CATEGORIA DE ASSUNTO
Código de Categoria de Assunto L72
100 1# - ENTRADA PRINCIPAL--NOME PESSOAL
Nome pessoal Danelli, M. das G.M.
100 1# - ENTRADA PRINCIPAL--NOME PESSOAL
Nome pessoal Ferraz, P.N.
100 1# - ENTRADA PRINCIPAL--NOME PESSOAL
Nome pessoal Lizeu, J. de O.P.
100 1# - ENTRADA PRINCIPAL--NOME PESSOAL
Nome pessoal Menezes, C.C.P.
245 1# - TÍTULO
Título Influencia da peroxidase endogena e da idade das colonias na identificacao de Mycoplasma mycoides pelo teste de imunoperoxidase em laminula
650 ## - ASSUNTO--TERMO TÓPICO
Cabeçalho tópico ou nome geográfico Coelho
650 ## - ASSUNTO--TERMO TÓPICO
Cabeçalho tópico ou nome geográfico Micoplasma
650 ## - ASSUNTO--TERMO TÓPICO
Cabeçalho tópico ou nome geográfico Atividade Enzimica
650 ## - ASSUNTO--TERMO TÓPICO
Cabeçalho tópico ou nome geográfico Imunofluorescencia
650 ## - ASSUNTO--TERMO TÓPICO
Cabeçalho tópico ou nome geográfico Meio de Cultura
773 0# - ENTRADA ANALÍTICA
Título Revista Brasileira de Medicina Veterinaria (Brazil)
ISSN - International Standard Serial Number ISSN 0100-2430
Partes relacionadas (Mar-Apr 2001), v. 23(2) p. 65-67
Número de controle do registro BR0104917
909 ## -
-- 202311
-- Lúcia
-- 55
-- Lúcia Elande
942 ## - ELEMENTOS DE ENTRADA ADICIONADOS (KOHA)
Fonte da classificação ou esquema de arquivamento na estante Classificação AGRIS
Ocultar no OPAC Não
Tipo de material Koha Analítica
Exemplares
Situação do descarte Fonte da classificação ou esquema de arquivamento na estante Situação física Não pode ser emprestado Biblioteca de origem Biblioteca atual Localização na estante Enumeração do periódico / cronologia Total de empréstimos Data de último acesso Número do exemplar Tipo de material Koha Fonte de aquisição
  Classificação AGRIS   Consulta local Biblioteca Nacional de Agricultura - Binagri Biblioteca Nacional de Agricultura - Binagri   (Mar-Apr 2001), v. 23(2) p. 65-67   29/11/2023 01 Periódicos Portaria Interministerial nº 164/94

BINAGRI

Telefone: (61)3218-2567/2388/3357/2097 - binagri@agro.gov.br

Ministério da Agricultura e Pecuária , Esplanada dos Ministérios, Bloco D, Anexo B, Brasília/DF, CEP: 70.043-900